[Event "EYCC 2024 - O12"]
[Site "?"]
[Date "2024.08.30"]
[Round "8.1"]
[White "Golis, Wiktor"]
[Black "Radzimski, Antoni"]
[Result "1/2-1/2"]
[BlackElo "2062"]
[WhiteElo "2216"]
[LiveChessVersion "1.4.8"]

1. c4 {[%clk 1:30:56]} e5 {[%clk 1:30:53]} 2. Nc3 {[%clk 1:31:22]} Nf6
{[%clk 1:31:18]} 3. Nf3 {[%clk 1:31:46]} Nc6 {[%clk 1:31:43]} 4. g3
{[%clk 1:32:10]} d5 {[%clk 1:32:08]} 5. cxd5 {[%clk 1:32:34]} Nxd5
{[%clk 1:32:34]} 6. Bg2 {[%clk 1:32:58]} Nb6 {[%clk 1:32:51]} 7. O-O
{[%clk 1:33:16]} Be7 {[%clk 1:33:17]} 8. b3 {[%clk 1:33:40]} O-O {[%clk 1:33:00]}
9. Bb2 {[%clk 1:34:05]} Be6 {[%clk 1:32:06]} 10. Rc1 {[%clk 1:34:28]} f6
{[%clk 1:31:12]} 11. Ne4 {[%clk 1:34:40]} Qd7 {[%clk 1:29:23]} 12. d4
{[%clk 1:32:52]} exd4 {[%clk 1:25:10]} 13. Nxd4 {[%clk 1:33:14]} Nxd4
{[%clk 1:22:31]} 14. Bxd4 {[%clk 1:32:46]} Rfd8 {[%clk 1:18:46]} 15. Nc5
{[%clk 1:29:56]} Bxc5 {[%clk 1:16:49]} 16. Bxc5 {[%clk 1:30:19]} Qxd1
{[%clk 1:13:19]} 17. Rfxd1 {[%clk 1:30:43]} c6 {[%clk 1:13:23]} 18. e4
{[%clk 1:13:00]} Kf7 {[%clk 1:09:24]} 19. h3 {[%clk 0:54:57]} g6 {[%clk 1:05:33]}
20. f4 {[%clk 0:49:18]} f5 {[%clk 1:01:44]} 21. exf5 {[%clk 0:49:13]} Bxf5
{[%clk 0:58:21]} 22. g4 {[%clk 0:45:44]} Be6 {[%clk 0:56:19]} 1/2-1/2

[Event "EYCC 2024 - O12"]
[Site "?"]
[Date "2024.08.30"]
[Round "8.2"]
[White "Nicot, Valentin"]
[Black "Gibala, Adam"]
[Result "0-1"]
[BlackElo "2199"]
[WhiteElo "2068"]
[LiveChessVersion "1.4.8"]

1. e4 {[%clk 1:30:40]} c5 {[%clk 1:30:58]} 2. Nf3 {[%clk 1:30:50]} d6
{[%clk 1:31:23]} 3. Bb5+ {[%clk 1:31:01]} Nd7 {[%clk 1:31:50]} 4. a4
{[%clk 1:31:03]} a6 5. Be2 {[%clk 1:31:10]} Ngf6 {[%clk 1:32:42]} 6. Nc3
{[%clk 1:31:22]} g6 {[%clk 1:33:05]} 7. a5 {[%clk 1:31:06]} Bg7 {[%clk 1:33:32]}
8. O-O {[%clk 1:31:17]} O-O {[%clk 1:33:56]} 9. d3 {[%clk 1:31:26]} b5
{[%clk 1:33:56]} 10. axb6 {[%clk 1:31:43]} Nxb6 {[%clk 1:34:18]} 11. Qd2
{[%clk 1:32:03]} a5 {[%clk 1:33:37]} 12. Qg5 {[%clk 1:31:48]} h6 {[%clk 1:29:31]}
13. Qd2 {[%clk 1:16:11]} Bb7 {[%clk 1:28:18]} 14. Nh4 {[%clk 1:01:57]} e5
{[%clk 1:26:36]} 15. Qe3 {[%clk 0:53:12]} d5 {[%clk 1:18:52]} 16. Qg3
{[%clk 0:43:57]} dxe4 {[%clk 1:17:18]} 17. dxe4 {[%clk 0:37:35]} Nxe4
{[%clk 1:16:23]} 18. Nxe4 {[%clk 0:37:22]} Bxe4 {[%clk 1:16:45]} 19. Nf3
{[%clk 0:34:53]} Qe7 {[%clk 1:15:35]} 20. Bd2 {[%clk 0:33:37]} Bxc2
{[%clk 1:13:21]} 21. Rfc1 {[%clk 0:29:02]} Bb3 {[%clk 1:11:55]} 22. Rxa5
{[%clk 0:25:27]} Rxa5 {[%clk 1:04:20]} 23. Bxa5 {[%clk 0:25:44]} Nd5
{[%clk 1:01:45]} 24. Nd2 {[%clk 0:19:31]} Nf4 {[%clk 1:02:09]} 25. Bf1
{[%clk 0:19:24]} Bd5 {[%clk 1:01:25]} 26. Re1 {[%clk 0:15:34]} Qb7
{[%clk 0:58:49]} 27. Bc3 {[%clk 0:15:26]} Re8 {[%clk 0:58:14]} 28. f3
{[%clk 0:14:42]} Qc7 {[%clk 0:56:22]} 29. Bc4 {[%clk 0:11:58]} Kh7
{[%clk 0:55:35]} 30. Kh1 {[%clk 0:08:23]} Bxc4 {[%clk 0:51:41]} 31. Nxc4
{[%clk 0:08:48]} Re6 {[%clk 0:48:04]} 32. Re3 {[%clk 0:05:57]} Qe7
{[%clk 0:45:26]} 33. Bd2 {[%clk 0:03:36]} Nd5 {[%clk 0:44:18]} 34. Rd3
{[%clk 0:03:21]} Nb6 {[%clk 0:44:29]} 35. Nxb6 {[%clk 0:02:12]} Rxb6
{[%clk 0:44:58]} 36. Bc3 {[%clk 0:02:20]} Rd6 {[%clk 0:43:39]} 37. Rxd6
{[%clk 0:02:38]} Qxd6 {[%clk 0:44:05]} 38. Qe1 {[%clk 0:02:48]} c4
{[%clk 0:43:29]} 39. h3 {[%clk 0:03:03]} Qd5 {[%clk 0:43:37]} 40. Qe3
{[%clk 0:02:47]} Bf6 {[%clk 0:43:42]} 41. Qb6 {[%clk 0:03:02]} Bg5
{[%clk 0:43:12]} 42. Qf2 {[%clk 0:03:09]} h5 {[%clk 0:42:38]} 43. h4
{[%clk 0:03:23]} Be7 {[%clk 0:40:16]} 44. Kh2 {[%clk 0:02:30]} Bd6
{[%clk 0:39:29]} 45. g3 {[%clk 0:02:48]} Bc5 {[%clk 0:38:17]} 46. Qe2
{[%clk 0:03:13]} Bd4 {[%clk 0:38:16]} 47. Qd2 {[%clk 0:02:39]} Qc5
{[%clk 0:37:24]} 48. Kg2 {[%clk 0:00:38]} Bxc3 {[%clk 0:37:08]} 49. Qxc3
{[%clk 0:01:07]} Qd4 {[%clk 0:36:58]} 50. Qb4 {[%clk 0:01:05]} Kg7
{[%clk 0:37:03]} 51. Qb5 {[%clk 0:00:46]} Qd2+ {[%clk 0:37:06]} 52. Kg1
{[%clk 0:00:34]} Qe3+ {[%clk 0:37:09]} 53. Kg2 {[%clk 0:00:57]} Qe2+
{[%clk 0:37:30]} 54. Kg1 {[%clk 0:00:54]} Kh7 {[%clk 0:37:38]} 55. Qd5
{[%clk 0:01:03]} Kg8 {[%clk 0:36:58]} 56. Qb7 {[%clk 0:00:36]} Kg7
{[%clk 0:36:31]} 57. Qd5 {[%clk 0:00:33]} Qe3+ {[%clk 0:36:48]} 58. Kg2
{[%clk 0:00:50]} Qd4 {[%clk 0:37:14]} 59. Qb7 {[%clk 0:01:16]} Qd2+
{[%clk 0:37:39]} 60. Kg1 {[%clk 0:01:08]} Qd1+ {[%clk 0:38:06]} 61. Kg2
{[%clk 0:01:21]} Qb3 {[%clk 0:36:55]} 62. Qxb3 {[%clk 0:01:14]} cxb3
{[%clk 0:37:21]} 63. Kf2 {[%clk 0:01:41]} Kf6 {[%clk 0:32:46]} 64. Ke3
{[%clk 0:01:59]} Ke6 {[%clk 0:32:12]} 65. Kd3 {[%clk 0:02:18]} f5
{[%clk 0:32:32]} 66. Kc3 {[%clk 0:02:39]} f4 {[%clk 0:32:58]} 67. g4
{[%clk 0:01:29]} g5 {[%clk 0:31:52]} 0-1

[Event "EYCC 2024 - O12"]
[Site "?"]
[Date "2024.08.30"]
[Round "8.3"]
[White "Papai, Mate"]
[Black "Ambartsumian, Tyhran"]
[Result "0-1"]
[BlackElo "2156"]
[WhiteElo "1985"]
[LiveChessVersion "1.4.8"]

1. d4 {[%clk 1:30:58]} Nf6 {[%clk 1:30:49]} 2. c4 {[%clk 1:31:17]} e6
{[%clk 1:31:12]} 3. Nc3 {[%clk 1:31:44]} Bb4 {[%clk 1:31:35]} 4. e3
{[%clk 1:32:08]} O-O {[%clk 1:31:55]} 5. Bd3 {[%clk 1:32:11]} d5 {[%clk 1:32:18]}
6. Nf3 {[%clk 1:31:49]} dxc4 {[%clk 1:32:41]} 7. Bxc4 {[%clk 1:32:14]} c5
{[%clk 1:33:09]} 8. O-O {[%clk 1:31:23]} cxd4 {[%clk 1:33:35]} 9. exd4
{[%clk 1:31:49]} b6 {[%clk 1:33:54]} 10. Bg5 {[%clk 1:29:57]} Bb7
{[%clk 1:34:11]} 11. Ne5 {[%clk 1:26:39]} Nbd7 {[%clk 1:29:13]} 12. Qe2
{[%clk 1:16:07]} Bxc3 {[%clk 1:27:58]} 13. bxc3 {[%clk 1:16:28]} Rc8
{[%clk 1:28:21]} 14. Ba6 {[%clk 1:03:37]} Bxa6 {[%clk 1:10:50]} 15. Qxa6
{[%clk 1:04:03]} Rxc3 {[%clk 1:08:49]} 16. Rac1 {[%clk 0:50:33]} Qc7
{[%clk 0:29:44]} 17. Bd2 {[%clk 0:44:55]} Rxc1 {[%clk 0:27:48]} 18. Rxc1
{[%clk 0:45:22]} Qd6 {[%clk 0:27:59]} 19. Nc6 {[%clk 0:40:42]} Nb8
{[%clk 0:27:25]} 20. Nxb8 {[%clk 0:37:39]} Qxb8 {[%clk 0:27:30]} 21. Bb4
{[%clk 0:32:53]} Re8 {[%clk 0:27:36]} 22. f3 {[%clk 0:26:03]} h6 {[%clk 0:27:15]}
23. Be1 {[%clk 0:25:17]} Qf4 {[%clk 0:25:32]} 24. Rd1 {[%clk 0:24:20]} Qc7
{[%clk 0:23:23]} 25. Bf2 {[%clk 0:18:46]} Nd5 {[%clk 0:22:48]} 26. g3
{[%clk 0:18:23]} Rc8 {[%clk 0:22:49]} 27. f4 {[%clk 0:17:07]} Qc6
{[%clk 0:21:21]} 28. h4 {[%clk 0:15:19]} h5 {[%clk 0:20:47]} 29. Re1
{[%clk 0:14:29]} g6 {[%clk 0:20:19]} 30. Qe2 {[%clk 0:12:41]} Qc2
{[%clk 0:20:03]} 31. Qe5 {[%clk 0:13:09]} Qf5 {[%clk 0:20:15]} 32. Qe2
{[%clk 0:12:59]} Nf6 {[%clk 0:20:30]} 33. Qa6 {[%clk 0:12:13]} Rc2
{[%clk 0:19:55]} 34. Qxa7 {[%clk 0:12:21]} Ng4 {[%clk 0:20:04]} 35. Qa8+
{[%clk 0:10:49]} Kg7 {[%clk 0:19:52]} 36. Rf1 {[%clk 0:10:08]} Qd3
{[%clk 0:19:39]} 37. f5 {[%clk 0:03:50]} exf5 {[%clk 0:18:41]} 38. Qb8
{[%clk 0:03:24]} Rxf2 {[%clk 0:16:24]} 39. Rxf2 {[%clk 0:03:03]} Qxd4
{[%clk 0:16:39]} 40. Qf4 {[%clk 0:02:53]} Qxf2+ {[%clk 0:16:50]} 41. Qxf2
{[%clk 0:03:16]} Nxf2 {[%clk 0:17:14]} 42. Kxf2 {[%clk 0:03:44]} Kf6
{[%clk 0:17:33]} 43. Ke3 {[%clk 0:03:52]} Ke5 {[%clk 0:17:57]} 44. Kd3
{[%clk 0:04:21]} f6 {[%clk 0:18:18]} 45. Kc4 {[%clk 0:03:49]} Kd6
{[%clk 0:18:30]} 46. a4 {[%clk 0:03:37]} g5 {[%clk 0:18:50]} 47. hxg5
{[%clk 0:01:53]} fxg5 {[%clk 0:18:58]} 48. Kb5 {[%clk 0:02:17]} Kc7
{[%clk 0:19:21]} 49. Ka6 {[%clk 0:02:45]} h4 {[%clk 0:19:42]} 50. gxh4
{[%clk 0:02:59]} gxh4 {[%clk 0:20:06]} 51. Ka7 {[%clk 0:03:06]} h3
{[%clk 0:20:28]} 52. a5 {[%clk 0:03:34]} b5 0-1

[Event "EYCC 2024 - O12"]
[Site "?"]
[Date "2024.08.30"]
[Round "8.4"]
[White "Saminskij, Jan"]
[Black "Marynychenko, Yehor"]
[Result "1-0"]
[BlackElo "2015"]
[WhiteElo "2115"]
[LiveChessVersion "1.4.8"]

1. e4 {[%clk 1:29:14]} c5 {[%clk 1:30:53]} 2. Nf3 {[%clk 1:29:31]} Nc6
{[%clk 1:31:18]} 3. Bb5 {[%clk 1:29:51]} Nd4 {[%clk 1:31:36]} 4. Nxd4
{[%clk 1:27:02]} cxd4 {[%clk 1:32:01]} 5. c3 {[%clk 1:25:12]} a6 {[%clk 1:27:36]}
6. Be2 {[%clk 1:19:29]} e5 {[%clk 1:24:21]} 7. O-O {[%clk 1:18:20]} Bc5
{[%clk 1:21:49]} 8. d3 {[%clk 1:16:12]} Ne7 {[%clk 1:16:19]} 9. b4
{[%clk 1:10:03]} Ba7 {[%clk 1:11:12]} 10. c4 {[%clk 1:09:55]} O-O
{[%clk 1:08:37]} 11. Nd2 {[%clk 1:04:58]} d6 {[%clk 1:03:27]} 12. f4
{[%clk 0:56:40]} f5 {[%clk 0:56:35]} 13. fxe5 {[%clk 0:54:02]} dxe5
{[%clk 0:56:40]} 14. c5 {[%clk 0:53:19]} Nc6 {[%clk 0:46:31]} 15. a4
{[%clk 0:45:53]} Bb8 {[%clk 0:38:05]} 16. Ba3 {[%clk 0:40:37]} Rf6
{[%clk 0:32:29]} 17. Nc4 {[%clk 0:38:31]} Bc7 {[%clk 0:29:50]} 18. b5
{[%clk 0:37:31]} Ne7 {[%clk 0:29:13]} 19. b6 {[%clk 0:37:17]} Bb8
{[%clk 0:29:25]} 20. Bf3 {[%clk 0:31:46]} f4 {[%clk 0:28:31]} 21. Bg4
{[%clk 0:31:31]} Nc6 {[%clk 0:27:19]} 22. Bxc8 {[%clk 0:28:00]} Qxc8
{[%clk 0:27:43]} 23. Ra2 {[%clk 0:27:28]} g5 {[%clk 0:25:24]} 24. Qh5
{[%clk 0:24:41]} Rg6 {[%clk 0:24:32]} 25. g4 {[%clk 0:21:10]} Kg7
{[%clk 0:22:48]} 26. h4 {[%clk 0:18:48]} gxh4 {[%clk 0:17:56]} 27. Rg2
{[%clk 0:18:13]} Qe6 {[%clk 0:17:43]} 28. Qxh4 {[%clk 0:18:15]} Rh6
{[%clk 0:17:39]} 29. Qg5+ {[%clk 0:18:02]} Rg6 {[%clk 0:17:01]} 30. Qf5
{[%clk 0:15:18]} Qe7 {[%clk 0:15:23]} 31. g5 {[%clk 0:15:31]} Qe8
{[%clk 0:13:56]} 32. Qh3 {[%clk 0:15:22]} Nd8 {[%clk 0:13:41]} 33. Rh2
{[%clk 0:12:46]} Rxg5+ {[%clk 0:08:48]} 34. Rg2 {[%clk 0:13:06]} Rg6
{[%clk 0:08:00]} 35. Kh1 {[%clk 0:10:58]} Ne6 {[%clk 0:07:41]} 36. Rxg6+
{[%clk 0:08:54]} hxg6 {[%clk 0:08:00]} 37. Rg1 {[%clk 0:08:07]} f3
{[%clk 0:07:44]} 38. Bc1 {[%clk 0:06:48]} Nf4 {[%clk 0:06:38]} 39. Bxf4
{[%clk 0:07:13]} exf4 {[%clk 0:07:04]} 40. Qxf3 {[%clk 0:05:07]} Qc6
{[%clk 0:04:45]} 41. Qg4 {[%clk 0:04:58]} f3 {[%clk 0:03:36]} 42. Nd6
{[%clk 0:04:51]} Bxd6 {[%clk 0:03:35]} 43. Qxg6+ {[%clk 0:05:15]} Kf8
{[%clk 0:03:58]} 44. Qg8+ {[%clk 0:05:34]} Ke7 {[%clk 0:04:23]} 45. Rg7+
{[%clk 0:06:00]} Kf6 {[%clk 0:04:48]} 46. Qf7+ {[%clk 0:06:26]} 1-0

[Event "EYCC 2024 - O12"]
[Site "?"]
[Date "2024.08.30"]
[Round "8.5"]
[White "Fulgentini, Edoardo"]
[Black "Ritzerveld, Noah"]
[Result "0-1"]
[BlackElo "2293"]
[WhiteElo "2009"]
[LiveChessVersion "1.4.8"]

1. e4 {[%clk 1:30:58]} e5 {[%clk 1:30:55]} 2. Nf3 {[%clk 1:31:22]} Nc6
{[%clk 1:31:19]} 3. Bb5 {[%clk 1:31:48]} a6 {[%clk 1:31:44]} 4. Ba4
{[%clk 1:32:15]} Nf6 {[%clk 1:32:07]} 5. O-O {[%clk 1:32:39]} Be7
{[%clk 1:32:32]} 6. Re1 {[%clk 1:33:04]} b5 {[%clk 1:32:58]} 7. Bb3
{[%clk 1:33:29]} d6 {[%clk 1:33:14]} 8. c3 {[%clk 1:32:38]} O-O {[%clk 1:33:32]}
9. h3 {[%clk 1:32:13]} Na5 {[%clk 1:33:52]} 10. Bc2 {[%clk 1:32:37]} c5
{[%clk 1:34:16]} 11. d4 {[%clk 1:32:56]} Qc7 {[%clk 1:34:15]} 12. Nbd2
{[%clk 1:32:34]} cxd4 {[%clk 1:33:23]} 13. cxd4 {[%clk 1:31:46]} Nc6
{[%clk 1:33:39]} 14. d5 {[%clk 1:25:29]} Nb4 {[%clk 1:31:00]} 15. Bb1
{[%clk 1:25:45]} a5 {[%clk 1:30:20]} 16. Nf1 {[%clk 1:24:36]} Bd7
{[%clk 1:25:42]} 17. a3 {[%clk 1:23:09]} Na6 {[%clk 1:26:03]} 18. Ng3
{[%clk 1:15:24]} Rfc8 {[%clk 1:22:02]} 19. Nh4 {[%clk 0:57:26]} g6
{[%clk 1:14:39]} 20. Ba2 {[%clk 0:44:36]} Qb7 {[%clk 1:03:21]} 21. Bg5
{[%clk 0:40:28]} Bd8 {[%clk 1:01:22]} 22. Qd2 {[%clk 0:34:20]} b4
{[%clk 0:47:59]} 23. f4 {[%clk 0:28:45]} b3 {[%clk 0:44:04]} 24. Bb1
{[%clk 0:28:10]} Ne8 {[%clk 0:42:03]} 25. Bxd8 {[%clk 0:27:23]} Rxd8
{[%clk 0:42:25]} 26. f5 {[%clk 0:26:31]} Bb5 {[%clk 0:37:01]} 27. Qh6
{[%clk 0:19:17]} Qe7 {[%clk 0:29:51]} 28. a4 {[%clk 0:17:50]} Bc4
{[%clk 0:27:54]} 29. Nf3 {[%clk 0:16:24]} Nc5 {[%clk 0:25:16]} 30. Nd2
{[%clk 0:14:51]} Ba6 {[%clk 0:24:35]} 31. Re3 {[%clk 0:14:29]} Rab8
{[%clk 0:21:45]} 32. Ra3 {[%clk 0:12:00]} Rb7 {[%clk 0:12:06]} 33. Nxb3
{[%clk 0:09:02]} Rdb8 {[%clk 0:08:34]} 34. Nxa5 {[%clk 0:06:46]} Rxb2
{[%clk 0:08:36]} 35. Ba2 {[%clk 0:07:05]} Qc7 {[%clk 0:05:05]} 36. Nc6
{[%clk 0:06:54]} Nd3 {[%clk 0:02:49]} 37. f6 {[%clk 0:05:48]} Nxf6
{[%clk 0:02:15]} 38. Nf5 {[%clk 0:05:53]} Nh5 {[%clk 0:02:04]} 39. Nxb8
{[%clk 0:04:10]} Qc1+ {[%clk 0:01:41]} 40. Kh2 {[%clk 0:04:14]} Rxg2+
{[%clk 0:01:36]} 41. Kxg2 Ndf4+ {[%clk 0:01:42]} 42. Kf3 {[%clk 0:04:19]} Qd1+
{[%clk 0:02:05]} 0-1

[Event "EYCC 2024 - O12"]
[Site "?"]
[Date "2024.08.30"]
[Round "8.6"]
[White "Vardi, Daniel"]
[Black "Brzezina, Pawel"]
[Result "1/2-1/2"]
[BlackElo "2121"]
[WhiteElo "2003"]
[LiveChessVersion "1.4.8"]

1. e4 {[%clk 1:30:59]} e5 {[%clk 1:30:34]} 2. Nf3 {[%clk 1:31:24]} Nc6
{[%clk 1:30:52]} 3. Bb5 {[%clk 1:31:50]} Bc5 {[%clk 1:30:39]} 4. O-O
{[%clk 1:31:49]} d6 {[%clk 1:30:40]} 5. c3 {[%clk 1:31:33]} a6 {[%clk 1:29:19]}
6. Ba4 {[%clk 1:31:03]} Bd7 {[%clk 1:25:49]} 7. d4 {[%clk 1:29:54]} exd4
{[%clk 1:24:43]} 8. cxd4 {[%clk 1:30:08]} Ba7 {[%clk 1:24:57]} 9. Nc3
{[%clk 1:29:49]} Nge7 {[%clk 1:24:57]} 10. Bb3 {[%clk 1:28:32]} O-O
{[%clk 1:24:03]} 11. Bg5 {[%clk 1:27:40]} h6 {[%clk 1:23:03]} 12. Bh4
{[%clk 1:20:23]} Bg4 {[%clk 1:22:11]} 13. Nd5 {[%clk 1:06:03]} Qd7
{[%clk 1:18:47]} 14. Nxe7+ {[%clk 0:57:44]} Nxe7 {[%clk 1:19:06]} 15. Bxe7
{[%clk 0:54:09]} Qxe7 {[%clk 1:19:23]} 16. Qd3 {[%clk 0:54:11]} Bxf3
{[%clk 1:16:39]} 17. gxf3 {[%clk 0:53:39]} Kh8 {[%clk 1:09:27]} 18. Rad1
{[%clk 0:43:19]} Rae8 {[%clk 1:00:54]} 19. Kh1 {[%clk 0:41:38]} Qh4
{[%clk 0:58:49]} 20. Rd2 {[%clk 0:32:19]} c5 {[%clk 0:35:35]} 21. Bd5
{[%clk 0:32:15]} Re7 {[%clk 0:32:03]} 22. Rc1 {[%clk 0:23:59]} Qf4
{[%clk 0:18:52]} 23. Qe3 {[%clk 0:15:16]} Qf6 {[%clk 0:18:29]} 24. f4
{[%clk 0:14:22]} cxd4 {[%clk 0:18:31]} 25. Qf3 {[%clk 0:14:44]} g6
{[%clk 0:12:12]} 26. Qg3 {[%clk 0:12:29]} Rfe8 {[%clk 0:10:19]} 27. Qf3
{[%clk 0:09:54]} Bb6 {[%clk 0:08:36]} 28. b4 {[%clk 0:10:05]} a5 {[%clk 0:05:51]}
29. a3 {[%clk 0:10:28]} axb4 {[%clk 0:05:59]} 30. axb4 {[%clk 0:10:57]} Rb8
{[%clk 0:05:21]} 31. Qg4 {[%clk 0:09:21]} Ree8 {[%clk 0:04:53]} 32. Rd3
{[%clk 0:07:27]} Kg7 {[%clk 0:04:09]} 33. Rg3 {[%clk 0:04:41]} d3
{[%clk 0:04:04]} 34. Rxd3 {[%clk 0:04:46]} Bxf2 {[%clk 0:03:46]} 35. Rf3
{[%clk 0:04:38]} Bb6 {[%clk 0:03:00]} 36. e5 {[%clk 0:03:34]} Qf5
{[%clk 0:03:11]} 37. Qg2 {[%clk 0:03:13]} Rec8 {[%clk 0:02:36]} 38. Re1
{[%clk 0:02:54]} h5 {[%clk 0:01:07]} 39. Be4 {[%clk 0:02:49]} Qg4
{[%clk 0:01:16]} 40. Qb2 {[%clk 0:02:01]} Kg8 {[%clk 0:00:47]} 41. f5
{[%clk 0:01:52]} Rc4 {[%clk 0:00:47]} 42. Bd5 {[%clk 0:01:25]} Rd4
{[%clk 0:00:40]} 43. fxg6 {[%clk 0:01:09]} Rxd5 {[%clk 0:00:42]} 44. gxf7+
{[%clk 0:01:34]} Kf8 {[%clk 0:01:03]} 45. Rg3 {[%clk 0:01:44]} Rd1
{[%clk 0:00:50]} 46. Rxg4 {[%clk 0:00:51]} Rxe1+ {[%clk 0:01:12]} 47. Kg2
{[%clk 0:01:17]} hxg4 {[%clk 0:01:36]} 48. h4 {[%clk 0:01:30]} Rxe5
{[%clk 0:00:58]} 49. Qd2 {[%clk 0:01:48]} Kxf7 {[%clk 0:00:44]} 50. Qxd6
{[%clk 0:01:43]} Re2+ {[%clk 0:00:56]} 51. Kg3 {[%clk 0:01:39]} Re3+
{[%clk 0:01:09]} 52. Kf4 {[%clk 0:01:32]} Rbe8 {[%clk 0:01:01]} 53. Qxb6
{[%clk 0:01:34]} R8e4+ {[%clk 0:01:18]} 54. Kf5 {[%clk 0:01:39]} Re5+
{[%clk 0:01:43]} 55. Kxg4 {[%clk 0:01:48]} R5e4+ {[%clk 0:02:08]} 1/2-1/2

[Event "EYCC 2024 - O12"]
[Site "?"]
[Date "2024.08.30"]
[Round "8.7"]
[White "Golubovic, Erik"]
[Black "Kopecny, Filip"]
[Result "1/2-1/2"]
[BlackElo "2008"]
[WhiteElo "2117"]
[LiveChessVersion "1.4.8"]

1. d4 {[%clk 1:30:57]} d5 {[%clk 1:30:53]} 2. c4 {[%clk 1:31:40]} e6 3. Nf3
{[%clk 1:31:58]} Nf6 {[%clk 1:31:22]} 4. g3 dxc4 {[%clk 1:31:26]} 5. Bg2
{[%clk 1:32:13]} Nc6 6. Qa4 {[%clk 1:31:50]} Bb4+ {[%clk 1:27:50]} 7. Bd2 Bxd2+
{[%clk 1:28:01]} 8. Nbxd2 {[%clk 1:31:41]} O-O 9. Qxc4 {[%clk 1:31:40]} Ne7
{[%clk 1:26:18]} 10. O-O c6 {[%clk 1:26:05]} 11. Ne5 {[%clk 1:29:21]} Qc7
{[%clk 1:25:46]} 12. Rfd1 {[%clk 1:27:27]} Rd8 {[%clk 1:24:55]} 13. Ndf3
{[%clk 1:21:35]} h6 {[%clk 1:18:14]} 14. Rac1 {[%clk 1:19:49]} Bd7
{[%clk 1:14:49]} 15. Qc2 {[%clk 1:14:46]} Rac8 {[%clk 1:10:08]} 16. a3
{[%clk 1:08:13]} Be8 17. h4 {[%clk 1:05:40]} Nd7 {[%clk 1:06:03]} 18. Nd3
{[%clk 1:01:06]} Nf8 {[%clk 1:03:24]} 19. e3 {[%clk 1:00:25]} f6 {[%clk 1:02:17]}
20. Nc5 {[%clk 0:54:22]} Bf7 {[%clk 0:59:07]} 21. Qe2 {[%clk 0:52:15]} Re8
{[%clk 0:54:03]} 22. b4 b6 {[%clk 0:51:26]} 23. Nd3 {[%clk 0:50:58]} Qd7
{[%clk 0:48:18]} 24. Nd2 {[%clk 0:48:32]} Nd5 {[%clk 0:45:12]} 25. Nc4
{[%clk 0:47:00]} Red8 {[%clk 0:45:01]} 26. h5 {[%clk 0:43:55]} Qc7
{[%clk 0:37:21]} 27. Rd2 {[%clk 0:37:27]} Qb7 {[%clk 0:35:06]} 28. Bh3
{[%clk 0:35:12]} Qb8 {[%clk 0:32:25]} 29. Rdd1 {[%clk 0:33:32]} Qb7
{[%clk 0:29:57]} 30. e4 {[%clk 0:28:43]} Nc7 {[%clk 0:27:53]} 31. Nf4
{[%clk 0:27:14]} Nb5 {[%clk 0:26:27]} 32. Qe3 {[%clk 0:25:08]} Nd6
{[%clk 0:23:32]} 33. Nxd6 {[%clk 0:22:58]} Rxd6 {[%clk 0:23:49]} 34. e5
{[%clk 0:22:40]} fxe5 {[%clk 0:23:56]} 35. Qxe5 {[%clk 0:22:45]} Rcd8
{[%clk 0:23:12]} 36. Qe4 {[%clk 0:19:56]} Qd7 {[%clk 0:21:45]} 37. Re1
{[%clk 0:17:12]} Rxd4 {[%clk 0:17:42]} 38. Qxc6 {[%clk 0:17:27]} Qxc6
{[%clk 0:17:31]} 39. Rxc6 {[%clk 0:17:55]} Rd1 {[%clk 0:17:45]} 40. Rxd1
{[%clk 0:13:18]} Rxd1+ {[%clk 0:18:09]} 41. Kh2 {[%clk 0:13:30]} e5
{[%clk 0:12:34]} 42. Ne6 {[%clk 0:13:09]} Nxe6 {[%clk 0:11:08]} 43. Bxe6
{[%clk 0:13:31]} Bxe6 {[%clk 0:11:36]} 44. Rxe6 {[%clk 0:13:55]} Rd5
{[%clk 0:11:48]} 45. Re7 {[%clk 0:10:40]} a5 {[%clk 0:11:38]} 46. bxa5
{[%clk 0:10:29]} Rxa5 {[%clk 0:11:42]} 47. Rb7 {[%clk 0:10:32]} Rxa3
{[%clk 0:11:45]} 48. Rxb6 {[%clk 0:10:44]} 1/2-1/2